Greater Manchester towns Quiz Stats

 Plays Quiz not verified by Sporcle

Score 0/66 Timer 10:00
0 Plays Today
Town % Correct
Salford
86.9%
Bury
85.2%
Oldham
84.5%
Stockport
84.5%
Bolton
83.3%
Rochdale
80%
Wigan
79.1%
Manchester
70.6%
Altrincham
69.5%
Sale
68.1%
Eccles
55.9%
Ashton under Lyne
53.9%
Hyde
53.4%
Stretford
50.9%
Cheadle & Gatley
46.4%
Middleton
45.7%
Swinton & Pendlebury
43.8%
Denton
43.6%
Leigh
43.2%
Stalybridge
43%
Prestwich
42.6%
Urmston
41.7%
Irlam
36.9%
Radcliffe
36.5%
Hazel Grove & Bramhall
35.7%
Horwich
34%
Atherton
33.4%
Chadderton
32.4%
Farnworth
32.4%
Hale
31.1%
Ramsbottom
31.1%
Heywood
30.1%
Marple
29.9%
Town % Correct
Worsley
29.8%
Whitefield
29.6%
Droylsden
29.2%
Failsworth
29%
Crompton
28%
Mossley
25.9%
Saddleworth
25.1%
Bredbury & Romiley
24.2%
Littleborough
23.8%
Westhoughton
23.8%
Ashton in Makerfield
23.2%
Royton
21.1%
Dukinfield
19.4%
Kearsley
18.4%
Hindley
18%
Ince in Makerfield
17.5%
Tyldesley
17.3%
Blackrod
15.7%
Audenshaw
15.2%
Little Lever
14.6%
Milnrow
14.4%
Standish with Langtree
14.2%
Tottington
13.6%
Bowdon
11.5%
Orrell
11.3%
Lees
8.4%
Golborne
7.9%
Aspull
7.3%
Billinge & Winstanley
7.1%
Turton
6.3%
Abram
6%
Wardle
5.8%
Longdendale
2.9%

You're not logged in!

Compare scores with friends on all Sporcle quizzes.
OR
Log In

Show Comments

Extras

Top Quizzes Today


Score Distribution

Your Account Isn't Verified!

In order to create a playlist on Sporcle, you need to verify the email address you used during registration. Go to your Sporcle Settings to finish the process.

Report this User

Report this user for behavior that violates our Community Guidelines.

Details: